Cuentos en movimiento XIV: antología

Shranjeno v:
Bibliografske podrobnosti
Glavni avtor: Denham Núñez, Alejandro (Author)
Format: Knjiga
Jezik:španščina
Izdano: Santiago Grupo Empresas Denham 2007
Izdaja:1a. ed
Teme:
Oznake: Označite
Brez oznak, prvi označite!

MARC

LEADER 00000cam a2200000 a 4500
001 UCC6212
003 CL-VaPUC
008 181130e20070000cl |||||||||||||||||spa|d
020 |a 9789563108163 
082 0 4 |a Ch863  |b DEN  |2 21 
100 0 |a Denham Núñez, Alejandro  |e author  |9 600644 
245 1 0 |a Cuentos en movimiento XIV: antología 
250 |a 1a. ed 
300 |a 237 p 
942 |c BK 
945 |d 20181130 13:53:00  |a dcastane 
260 |a Santiago  |b Grupo Empresas Denham  |c 2007 
650 0 |a Cuentos chilenos   |9 308280 
650 0 |a Literatura chilena   |9 308278 
583 |a last modification  |c 20181130 13:53:00  |k Rodrigo Vera 
999 |c 373206  |d 373204 
952 |0 0  |1 0  |3 erb  |4 0  |6 CH_863_000000000000000_DEN_2007  |7 0  |8 C  |9 491207  |a BIBCUR  |b BIBCUR  |i 5517656  |l 1  |o Ch863 DEN 2007  |p 5517656  |r 2025-04-22  |s 2025-01-06  |w 2019-11-24  |y BK  |z Catalogado en:20181130  |k CAC